La conquista divina de Michoacán
Furkejuvvon:
| Váldodahkki: | |
|---|---|
| Materiálatiipa: | Girji |
| Giella: | espánnjágiella |
| Almmustuhtton: |
Ciudad de México
Fondo de Cultura Económica
1985
|
| Preanttus: | 1a. ed |
| Fáttát: | |
| Fáddágilkorat: |
Lasit fáddágilkoriid
Eai fáddágilkorat, Lasit vuosttaš fáddágilkora!
|
MARC
| LEADER | 00000cam a2200000 a 4500 | ||
|---|---|---|---|
| 001 | UCF3201 | ||
| 003 | CL-VaPUC | ||
| 008 | 121004e19850000MX |||||||||||||||||spa|d | ||
| 020 | |a 9789681619978 | ||
| 082 | 0 | 4 | |a 972.02 |b LEC |2 21 |
| 100 | |a Le Clézio, Jean-Marie G |e author |9 565144 | ||
| 245 | 1 | 3 | |a La conquista divina de Michoacán |
| 250 | |a 1a. ed | ||
| 300 | |a 112 p | ||
| 942 | |c BK | ||
| 945 | |d 20121004 00:00:00 |a dcastane | ||
| 260 | |a Ciudad de México |b Fondo de Cultura Económica |c 1985 | ||
| 650 | 0 | |a Historia de México |9 321806 | |
| 650 | 7 | |a CONQUISTA DE MEXICO |2 CL-VaPUC |9 442726 | |
| 583 | |a last modification |c 20121004 18:42:00 |k Rodrigo Vera | ||
| 999 | |c 349683 |d 349681 | ||
| 952 | |0 0 |1 0 |4 0 |6 972_020000000000000_LEC_1985 |7 0 |8 A |9 452412 |a BIBART |b BIBART |d 2019-11-22 |i 4906314 |o 972.02 LEC 1985 |p 4906314 |r 2025-03-13 |w 2019-11-22 |y BK |k ART | ||